| 000 | 00794cam a2200193 4500 | ||
|---|---|---|---|
| 001 | WB3713-32 | ||
| 008 | 000000n2001 000 0 eng u | ||
| 035 | _a(Sirsi) u111657 | ||
| 245 | _aExtension of earlier derogation on arable area payments for farmers hit by wet weather | ||
| 260 | _c2001 | ||
| 490 |
_aMAFF News Release _v (114/01) 23 March 2001, (1) |
||
| 520 | _aEuropean Commission has agreed to extend the previously announced derogation to allow harvesting of crops that are still on set-aside land up to 30 April 2001. This is due to continuing problems of wet weather in many parts of the country. | ||
| 590 | _aWB | ||
| 650 | _aEUROPEAN COMMISSION | ||
| 650 | _aARABLE AREA PAYMENTS | ||
| 650 | _aSET-ASIDE LAND | ||
| 690 | _aRURAL-AGRICULTURE AND FORESTRY | ||
| 942 | _n0 | ||
| 999 |
_c66529 _d66529 |
||